LEADER 00941nam a2200229 i 4500 001 000000162709 003 CaOOAMICUS 005 20240229163445.0 008 070705s1919 fr u000 u fre u 040 $aSeMil$bita 100 1 $aDaudet, Léon,$d<1867-1942>.$0(OLS)http://semarc/name/36620 245 13$aLe monde des images :$bsuite de L'Hérédo /$cLéon Daudet. 264 1$aParis :$bNouvelle librairie nationale,$c1919. 300 $a250 p. ;$c18 cm. 650 4$aPsicologia.$0(OLS)http://semarc/subject/1671 650 4$aImmaginazione.$0(OLS)http://semarc/subject/4750 850 $aSeMil 852 $aSeMil$W1$xVenegono$y1$m2O I 507$j246663$B114040$CSeMilBibl$Z2$F124826 $81 961 $aRecupero: Altro 996 $6245$aLe monde des images :$bsuite de L'Hérédo$9(OLS)http://semarc/title/232113 996 $6264$aParis :$bNouvelle librairie nationale$9(OLS)http://semarc/publisher/40348 LEADER 01029nam a2200229 i 4500 001 000000008501 003 CaOOAMICUS 005 20210305080505.0 008 180830s1994 it u000 u ita u 040 $aSeMil$bita 100 1 $aTaddei Ferretti, Cloe,$d<1932- >.$0(OLS)http://semarc/name/4296 245 13$aLa rivelazione del nome divino :$bun esempio di applicazione del metodo delle specializzazioni funzionali /$cCloe Taddei Ferretti. 264 1$a[S.l. :$bs.n.,$cstampa 1994?] 300 $a681 c., [3] carte di tav. :$bill. ;$c30 cm 500 $aFondo Card. C.M. Martini. 650 4$aDio - Nome.$0(OLS)http://semarc/subject/1345 774 0 $aTaddei Ferretti, Cloe <1932- >$tParte 1.$w()111905 774 0 $aTaddei Ferretti, Cloe <1932- >$tParte 2.$w()111906 941 1 $a4 996 $6245$aLa rivelazione del nome divino :$bun esempio di applicazione del metodo delle specializzazioni funzionali$9(OLS)http://semarc/title/11278 996 $6264$a[S.l. :$bs.n.$9(OLS)http://semarc/publisher/31686